000 00605nam a2200181 a 4500
005 20220526063924.0
008 991125s1948 mx 000 0 spa u
035 _aUPN01000005798
049 _aLT
050 4 _aLB1651 M6.2
_bB5.7 1948
245 0 0 _aBiología :
_bsegundo curso para escuelas secundarias /
_cEnrique Beltrán ... [et al.].
260 _aMéxico :
_bECLALSA :
_bPorrúa,
_c1948.
300 _a352 p.
500 _aDisponible en la Colección Medina
650 4 _aBiología
_xEstudio y enseñanza (Secundaria)
_94532
700 1 _aBeltrán, Enrique,
_d1903-1994
_ecoaut.
_934682
905 _aLibro
999 _c5798
_d5798